000 00772nam a2200241 i 4500
999 _c48129
_d48129
001 BINCO
003 CO-MdBIC
005 20200317165236.0
008 200317t1992 us a||aj |||| 00| h eng d
020 _a0-590-46233-4
040 _aCO-MdBIC
_besp.
_cCO-MdBIC
_dCO-MdBIC
041 _aeng
082 0 4 _a813C
_222
_bL32C
100 1 _aLarson, Gary
_tCows of our planet
245 1 0 _aCows of our planet
_c/ Gary Larson ; First Scholastic
260 _aNew York : Scholastic
264 _aNew York :
_bScholastic ,
_c© 1992
300 _a[95 páginas] :
_bIlustraciones a blanco y negro :
_c20 cm.
490 _aA Far Side Collection
500 _aContiene gráficas ilustradas en el centro del libro deplegables.
700 _aLarson, Gary
_eEscritor
942 _cLGB